000 00583nam a22001817a 4500
005 20231123145546.0
008 231123b |||||||| |||| 00| 0 eng d
020 _a0862103029
041 _aEnglish
082 _a341.48 AMN
100 _lEnglish
245 _aCrimes of hate, conspiracy of silence :
_bTorture and ill-treatment based on sexual identity
250 _aFirst Edition
260 _aLondon :
_bAmnesty International Publications,
_c2001
300 _bvii, 73 pages ;
_c24 cm.
650 _aLegal practice
_bLaw
942 _cBK
_6ALISON_BN_VRIES
999 _c915
_d915